Cairo.

Contenido: Destino Gris, Rojer-MOnte; Urbanismo Futurista, Mariscal (ensayo); Mis Artistas Preferidos, Gallardo; Pasión en el Supermercado, Montesol y Sacramuvia, Dossier Harding; Riviere Floch'c; Ideas Negras, Franquin; Majas de la Historieta: de Coll a Coll, Antonio Martín Censaso; Album Pere Juan...

Ausführliche Beschreibung

Gespeichert in:
Bibliographische Detailangaben
Format: Buch
Sprache:Spanisch
Veröffentlicht: Barcelona, España : Norma, 1981
Schlagworte:
Tags: Tag hinzufügen
Keine Tags, Fügen Sie das erste Tag hinzu!

MARC

LEADER 00000nam^a2200000^a^4500
001 000026758
005 20250521000000.0
009 20260310084744.712
020 |a 84-85475-097 
037 |a Acervo ITESO - Biblioteca 
041 |a ESP 
082 |a 741. 59  |b CAI V. 1 
245 1 0 |a Cairo. 
264 1 |a Barcelona, España :  |b Norma,  |c 1981 
300 |a 64 p. 
336 |a texto  |b txt  |2 rdacontenido 
337 |a sin mediación  |b n  |2 rdamedio 
338 |a volumen  |b nc  |2 rdasoporte 
520 |a Contenido: Destino Gris, Rojer-MOnte; Urbanismo Futurista, Mariscal (ensayo); Mis Artistas Preferidos, Gallardo; Pasión en el Supermercado, Montesol y Sacramuvia, Dossier Harding; Riviere Floch'c; Ideas Negras, Franquin; Majas de la Historieta: de Coll a Coll, Antonio Martín Censaso; Album Pere Juan; Niebla en el Puente de Tolbiac, Tardi y Malet; Magazine, Joan Navarro (reseñas sobre Comics); Trailer, Guillem Cifre. 
649 |a XX 
650 |a Medios de Comunicación 
650 |a Historietas y Caricaturas Españolas 
650 |a Historietas y Caricaturas Españolas 
910 |a Fondo General 
920 |a Impresos - Libros 
930 |a Colección General 
905 |a 101 
901 |a 0267580100  |b IT1  |c ACC  |i 026758  |u 20250521 
902 |a https://opac.biblio.iteso.mx/vufind/Record/000026758